[Event "Monaco MNC"]
[Site "Monaco MNC"]
[Date "1995.??.??"]
[Round "7"]
[White "Kramnik, Vladimir"]
[Black "Lautier, Joel"]
[Result "1-0"]
[WhiteElo "2715"]
[BlackElo "2655"]
[PlyCount "50"]
[EventDate "1995.??.??"]
[Source "www.chesslib.no"]
[SourceDate "2004.05.04"]

1. e4 e5 2. d4 exd4 3. Qxd4 Nc6 4. Qe3 Nf6 5. Nc3 Be7 6. Bc4 O-O 7. Bd2 d6 8. O-O-O Ne5 9. Bb3 Be6 10. f4 Nc4 11. Bxc4 Bxc4 12. Nf3 c6 13. Nd4 Re8 14. Qg3 Bf8 15. Rhe1 Qc7 16. b3 Ba6 17. Nf5 Qd7 18. Qg5 Re6 19. Re3 Kh8 20. Rh3 Rae8 21. Be3 Ng8 22. Bd4 Rg6 23. Qh4 h6 24. g4 Be7 25. g5 Qe6 1-0

[Event "Open Aeroflot"]
[Site "Mosca RUS"]
[Date "2007.02.18"]
[Round "5"]
[White "Nepomniachtchi, I."]
[Black "Vallejo Pons, F."]
[Result "0-1"]
[WhiteElo "2587"]
[BlackElo "2679"]
[PlyCount "72"]
[EventDate "2007.02.14"]
[Source "www.chesslib.no"]
[SourceDate "2004.05.04"]

1. e4 e5 2. d4 exd4 3. Qxd4 Nc6 4. Qe3 Nf6 5. Nc3 Bb4 6. Bd2 O-O 7. O-O-O Re8 8. Qg3 Nxe4 9. Nxe4 Rxe4 10. Bf4 Qf6 11. Nh3 d6 12. Bd3 Nd4 13. Kb1 Ne2 14. Qf3 Ba3 15. bxa3 Nc3+ 16. Kc1 Nxa2+ 17. Kb1 Nc3+ 18. Kc1 Bxh3 19. Bxe4 Bxg2 20. Qxg2 Qxf4+ 21. Kb2 Nxe4 22. Rd4 Qf6 23. Qxe4 c5 24. Re1 h5 25. Qf4 Qxd4+ 26. Qxd4 cxd4 27. Re7 b6 28. a4 g5 29. Kb3 Kg7 30. Rc7 Re8 31. Rxa7 Re2 32. Rb7 Rxf2 33. Rxb6 Rxh2 34. a5 Re2 35. a6 Re8 36. a7 Ra8 0-1

[Event "Mind Sports Games - Rapid Ind"]
[Site "Pechino CINA"]
[Date "2008.10.06"]
[Round "4"]
[White "Reinderman, D."]
[Black "Ghaem Maghami, E."]
[Result "0-1"]
[WhiteElo "2543"]
[BlackElo "2599"]
[PlyCount "60"]
[EventDate "2008.10.05"]
[Source "www.chesslib.no"]
[SourceDate "2004.05.04"]

1. e4 e5 2. d4 exd4 3. Qxd4 Nc6 4. Qe3 g6 5. Nc3 Bg7 6. Bd2 Nf6 7. O-O-O O-O 8. Bc4 a6 9. f3 b5 10. Bb3 d6 11. g4 Na5 12. g5 Nd7 13. h4 Ne5 14. Nh3 b4 15. Na4 c5 16. f4 Nec4 17. Qe2 Nxd2 18. Rxd2 Qc7 19. Bd5 Bd7 20. b3 Bxa4 21. bxa4 c4 22. f5 b3 23. axb3 cxb3 24. f6 Qc3 25. Rdd1 bxc2 26. Qxc2 Qe3+ 27. Kb1 Qa3 28. Ba2 Rfb8+ 29. Ka1 Nb3+ 30. Qxb3 Rxb3 0-1

[Event "Najdorf"]
[Site "Buenos Aires"]
[Date "1997.05.22"]
[Round "4"]
[White "Campora, Daniel Hugo"]
[Black "Zarnicki, Pablo"]
[Result "1/2-1/2"]
[WhiteElo "2555"]
[BlackElo "2560"]
[PlyCount "22"]
[EventDate "1997.05.19"]
[Source "ChessBase"]
[SourceDate "1997.10.13"]

1. e4 e5 2. d4 exd4 3. Qxd4 Nc6 4. Qe3 Nf6 5. e5 Nd5 6. Qe4 Nb6 7. Nf3 Bb4+ 8. c3 Be7 9. Bf4 d5 10. Qc2 Bg4 11. Bd3 d4 1/2-1/2

[Event "Ordzhonikidze zt 1.9"]
[Site "Ordzhonikidze"]
[Date "2000.06.10"]
[Round "2"]
[White "Mikhaletz, Lubomir"]
[Black "Romanishin, Oleg M"]
[Result "1/2-1/2"]
[WhiteElo "2513"]
[BlackElo "2578"]
[PlyCount "119"]
[EventDate "2000.06.09"]
[Source "ChessBase"]
[SourceDate "2000.10.18"]

1. e4 e5 2. d4 exd4 3. Qxd4 Nc6 4. Qe3 Bb4+ 5. Nc3 Nf6 6. Bd2 O-O 7. O-O-O Re8 8. Bc4 Ne5 9. Bb3 d6 10. f3 a5 11. a3 Bc5 12. Qe1 c6 13. Na4 Bxg1 14. Qxg1 Nfd7 15. Be3 b5 16. Nb6 Nxb6 17. Bxb6 Qe7 18. Bd4 Be6 19. Bxe5 dxe5 20. Bxe6 Qxe6 21. Kb1 b4 22. Qc5 bxa3 23. Rd6 Qe7 24. Qxa3 Reb8 25. Rhd1 h6 26. g3 Rb5 27. Ka1 Rab8 28. Rxc6 Qa7 29. Qc3 Rxb2 30. Rc8+ Kh7 31. Qxe5 R2b5 32. Qe8 Rxc8 33. Qxb5 Rxc2 34. h4 Qc7 35. h5 Rc1+ 36. Rxc1 Qxc1+ 37. Ka2 Qc2+ 38. Ka3 Qc3+ 39. Qb3 Qa1+ 40. Qa2 Qc3+ 41. Qb3 Qc5+ 42. Ka4 Qxh5 43. Qc3 Qh2 44. Qc4 Qd2 45. f4 h5 46. e5 Kh6 47. Kb5 Qb4+ 48. Qxb4 axb4 49. Kxb4 g5 50. f5 g4 51. e6 fxe6 52. fxe6 Kg7 53. Kc5 Kf8 54. Kd4 Ke7 55. Ke3 Kxe6 56. Kd2 Kf5 57. Ke3 Ke5 58. Kd3 Kf6 59. Ke2 Kg5 60. Kf2 1/2-1/2

[Event "Mind Sports Games - Blitz Ind"]
[Site "Pechino CINA"]
[Date "2008.10.04"]
[Round "7"]
[White "Paragua, M."]
[Black "Kravtsiv, M."]
[Result "1-0"]
[WhiteElo "2526"]
[BlackElo "2549"]
[PlyCount "101"]
[EventDate "2008.10.04"]
[Source "www.chesslib.no"]
[SourceDate "2004.05.04"]

1. e4 e5 2. d4 exd4 3. Qxd4 Nc6 4. Qe3 Nf6 5. Nc3 Bb4 6. Bd2 O-O 7. O-O-O Re8 8. Qg3 Rxe4 9. a3 Bxc3 10. Bxc3 d6 11. f3 Re8 12. Ne2 Bf5 13. Qf4 Be6 14. Bxf6 Qxf6 15. Qxf6 gxf6 16. Nf4 f5 17. Nh5 Kh8 18. f4 Ne7 19. Bd3 Nd5 20. Rde1 c6 21. h3 Bd7 22. c4 Nc7 23. Rxe8+ Nxe8 24. Re1 Ng7 25. Re7 Nxh5 26. Rxd7 Nxf4 27. Bxf5 Kg7 28. g4 b5 29. Rxd6 bxc4 30. h4 c5 31. Kc2 Re8 32. Kc3 Re2 33. Rd7 a5 34. a4 h6 35. Rb7 Nd5+ 36. Kxc4 Nb4 37. b3 Re5 38. Kb5 Na2 39. Kc4 Nb4 40. Rb5 Re1 41. Rxc5 Rh1 42. h5 Rh3 43. Rxa5 Nc6 44. Rc5 Ne7 45. a5 Ng8 46. b4 Nf6 47. b5 Rh1 48. a6 Rc1+ 49. Kb4 Rb1+ 50. Ka5 Ra1+ 51. Kb6 1-0

[Event "ECC"]
[Site "Rethymnon"]
[Date "2003.10.01"]
[Round "4"]
[White "Souleidis, Georgios"]
[Black "Sokolov, Ivan"]
[Result "0-1"]
[WhiteElo "2382"]
[BlackElo "2693"]
[PlyCount "108"]
[EventDate "2003.09.28"]
[Source "Roberto Alvarez"]
[SourceDate "2003.10.06"]

1. e4 e5 2. d4 exd4 3. Qxd4 Nc6 4. Qe3 Bb4+ 5. Nc3 Nf6 6. Bd2 O-O 7. O-O-O Re8 8. Qg3 d6 9. f3 Rb8 10. h4 Kh8 11. h5 h6 12. Qh2 b5 13. g4 Re5 14. Nge2 Bxc3 15. Bxc3 Rc5 16. Qf4 b4 17. Bxf6 Qxf6 18. Qxf6 gxf6 19. Kb1 Be6 20. Nd4 Nxd4 21. Rxd4 a5 22. Be2 a4 23. Rc1 Kg7 24. b3 Kf8 25. Kb2 Ke7 26. Rcd1 Rb6 27. R4d2 Rbc6 28. Bd3 Rc3 29. Rg1 R6c5 30. f4 Ra5 31. Rg3 Kf8 32. Rdg2 Rcc5 33. Rg1 Kg7 34. R1g2 d5 35. exd5 Rxd5 36. Re2 Rd4 37. Re4 a3+ 38. Kc1 Rad5 39. g5 Rxe4 40. Bxe4 Rd4 41. gxf6+ Kxf6 42. Re3 Bg4 43. c3 Rd1+ 44. Kc2 Ra1 45. cxb4 Rxa2+ 46. Kb1 Re2 47. Rxe2 Bxe2 48. Ka2 Bxh5 49. Kxa3 Bg6 50. Bh1 h5 51. b5 Kf5 52. Kb4 Kxf4 53. Kc5 h4 54. Kc6 Bd3 0-1

[Event "Pamplona"]
[Site "?"]
[Date "1991.??.??"]
[Round "9"]
[White "Granda, J."]
[Black "Fernandez, JL."]
[Result "1/2-1/2"]
[WhiteElo "2595"]
[BlackElo "2470"]
[PlyCount "60"]
[EventDate "1991.??.??"]
[Source "www.chesslib.no"]
[SourceDate "2004.05.04"]

1. e4 e5 2. d4 exd4 3. Qxd4 Nc6 4. Qe3 Nf6 5. Bd2 Bb4 6. Nc3 O-O 7. O-O-O Re8 8. Bc4 Bxc3 9. Bxc3 Nxe4 10. Qf4 Re7 11. Bxf7+ Rxf7 12. Qxe4 Qg5+ 13. Rd2 d5 14. Qxd5 Qxd5 15. Rxd5 Rxf2 16. Nf3 Rxg2 17. Re1 h6 18. b4 g6 19. a4 Bg4 20. Nd2 a5 21. bxa5 Rf8 22. h4 Bf5 23. Rc5 Bd7 24. Ne4 Rg4 25. Rb5 Bc8 26. h5 Rf5 27. Kb2 Kf7 28. Rxf5+ Bxf5 29. Rf1 g5 30. Nc5 b6 1/2-1/2

[Event "Lewkowitz Memorial B"]
[Site "Lewkowitz Memorial B"]
[Date "1994.??.??"]
[Round "?"]
[White "Biava, Mario Silas"]
[Black "Morgado, Juan Sebastian"]
[Result "0-1"]
[WhiteElo "2435"]
[BlackElo "2615"]
[PlyCount "78"]
[EventDate "1994.??.??"]
[Source "www.chesslib.no"]
[SourceDate "2004.05.04"]

1. e4 e5 2. d4 exd4 3. Qxd4 Nc6 4. Qe3 Nf6 5. Nc3 Bb4 6. Bd2 O-O 7. O-O-O Re8 8. Bc4 d6 9. Nge2 Ne5 10. Bb3 Bc5 11. Qg3 Nh5 12. Qg5 Qxg5 13. Bxg5 Bxf2 14. Rdf1 Bb6 15. h3 h6 16. Bd2 Be6 17. g4 Bxb3 18. axb3 Nf6 19. Bxh6 Ned7 20. Bd2 Nxe4 21. Nxe4 Rxe4 22. Ng3 Re6 23. h4 a5 24. g5 a4 25. bxa4 Rxa4 26. Kb1 Rg4 27. Nf5 Rg2 28. Bc1 Ree2 29. h5 Ne5 30. h6 gxh6 31. Nxh6+ Kf8 32. c3 Ke8 33. Rh3 d5 34. Ng8 c6 35. Rh8 Kd7 36. Nh6 Rgf2 37. Rxf2 Rxf2 38. Rb8 Bd8 39. Rxb7+ Kc8 0-1

[Event "Bundesliga 2007-8"]
[Site "Remagen GER"]
[Date "2007.10.21"]
[Round "2"]
[White "Slobodjan, R."]
[Black "Mainka, R."]
[Result "1-0"]
[WhiteElo "2547"]
[BlackElo "2496"]
[PlyCount "70"]
[EventDate "2007.10.19"]
[Source "www.chesslib.no"]
[SourceDate "2004.05.04"]

1. e4 e5 2. d4 exd4 3. Qxd4 Nc6 4. Qe3 Nf6 5. Nc3 Bb4 6. Bd2 O-O 7. O-O-O Re8 8. Qg3 d6 9. f3 Nh5 10. Qf2 Bc5 11. Qe1 f5 12. Nh3 fxe4 13. Bc4+ Be6 14. Qxe4 Bxc4 15. Qxc4+ Kh8 16. Ng5 Ne5 17. Qh4 Nf6 18. Nce4 h6 19. Nxc5 dxc5 20. Bc3 Ng6 21. Nf7+ Kh7 22. Nxd8 Nxh4 23. Nxb7 Nh5 24. Rd7 Nxg2 25. Rg1 Re2 26. Nxc5 Rae8 27. Ne4 Rg8 28. Kd1 Ngf4 29. Nf6+ Nxf6 30. Bxf6 Rg2 31. Rxg2 Nxg2 32. Be5 c6 33. Kd2 Nh4 34. Ke3 Kg6 35. Ke4 Nf5 1-0

[Event "XX Carlos Torre Magistral"]
[Site "Merida MEX"]
[Date "2007.12.18"]
[Round "5"]
[White "Perez Rodriguez, L."]
[Black "Bruzon Batista, L."]
[Result "0-1"]
[WhiteElo "2432"]
[BlackElo "2607"]
[PlyCount "83"]
[EventDate "2007.12.15"]
[Source "www.chesslib.no"]
[SourceDate "2004.05.04"]

1. e4 e5 2. d4 exd4 3. Qxd4 Nc6 4. Qe3 Nf6 5. Nc3 Be7 6. Bc4 O-O 7. Bd2 Ng4 8. Qf4 Nce5 9. Be2 d6 10. h3 Ng6 11. Qf3 N4e5 12. Qe3 f5 13. f4 Nc6 14. O-O-O fxe4 15. Qxe4 Nxf4 16. Bc4+ Kh8 17. Nf3 Ng6 18. g4 Nce5 19. Nxe5 Nxe5 20. Rhf1 Bd7 21. Rxf8+ Qxf8 22. Rf1 Qd8 23. Kb1 Nxc4 24. Qxc4 Bc6 25. Be3 Qg8 26. Qd4 Rf8 27. Rxf8 Qxf8 28. Qxa7 Qf1+ 29. Bc1 h6 30. a3 Bg5 31. Na2 Bxc1 32. Nxc1 Qxh3 33. Qb8+ Kh7 34. Qxc7 Qxg4 35. Qxd6 h5 36. Nd3 Qd1+ 37. Ka2 Qxc2 38. Ne5 Be4 39. Qd4 Bf5 40. Qd5 Qe4 41. Qd6 h4 42. a4 0-1

[Event "Korinthos op 6th"]
[Site "Korinthos"]
[Date "2002.07.31"]
[Round "9"]
[White "Khamatgaleev, Alexej"]
[Black "Istratescu, Andrei"]
[Result "0-1"]
[WhiteElo "2416"]
[BlackElo "2622"]
[PlyCount "84"]
[EventDate "2002.07.23"]
[Source "ChessBase"]
[SourceDate "2002.09.11"]

1. e4 e5 2. d4 exd4 3. Qxd4 Nc6 4. Qe3 g6 5. Nc3 Bg7 6. Bc4 d6 7. Bd2 Nf6 8. O-O-O O-O 9. f3 Ne5 10. Bb3 c5 11. f4 c4 12. fxe5 Ng4 13. Qe2 cxb3 14. axb3 Nxe5 15. Nf3 Be6 16. Kb1 a5 17. Bf4 Qb8 18. Qb5 Rc8 19. Nxe5 dxe5 20. Bg5 Bf8 21. Na4 Ra6 22. Rd2 Qc7 23. Nc3 a4 24. Nxa4 Rca8 25. Be3 Bc4 26. Qd7 Qxd7 27. Rxd7 Bb5 28. Rdd1 Bc6 29. Kc1 Bxe4 30. Rhg1 Rc6 31. c4 Bb4 32. Bd2 Bc5 33. Rge1 f5 34. Bc3 Bf8 35. Rd7 Re6 36. g3 Bc6 37. Rdd1 Rae8 38. Rf1 e4 39. Rde1 e3 40. Re2 b5 41. Nb6 Be4 42. Nd5 Ra8 0-1

[Event "Seville op 27th"]
[Site "Seville"]
[Date "2002.01.18"]
[Round "8"]
[White "Paragua, Mark"]
[Black "Korneev, Oleg"]
[Result "0-1"]
[WhiteElo "2469"]
[BlackElo "2568"]
[PlyCount "120"]
[EventDate "2002.01.11"]
[Source "ChessBase"]
[SourceDate "2002.03.14"]

1. e4 e5 2. d4 exd4 3. Qxd4 Nc6 4. Qe3 Nf6 5. Nc3 Bb4 6. Bd2 O-O 7. O-O-O Re8 8. Qg3 Rxe4 9. a3 Ba5 10. h4 d5 11. f3 Re8 12. h5 Nd4 13. Bd3 c6 14. Bh6 Ne6 15. Bxg7 Bc7 16. Bxf6+ Bxg3 17. Bxd8 Rxd8 18. Bf5 Be5 19. Nce2 h6 20. Nh3 Nf4 21. Nexf4 Bxf5 22. g4 Bh7 23. Rhg1 Kf8 24. Kb1 Rd6 25. Ng2 Bh2 26. Rh1 Bg3 27. g5 Re8 28. Rd2 Rde6 29. Rhd1 hxg5 30. Nxg5 Rh6 31. Rh1 Bf5 32. f4 f6 33. Nf3 Kf7 34. Nd4 Be4 35. Rh3 Rg8 36. Re2 a6 37. Rxe4 dxe4 38. Nf5 Rh7 39. Nxg3 Rhg7 40. Nf5 Rxg2 41. Nh6+ Kf8 42. Nxg8 Rg1+ 43. Ka2 Rxg8 44. f5 Rg7 45. Kb1 Rg1+ 46. Ka2 Kg7 47. Rh4 e3 48. Re4 Rg3 49. Re7+ Kh6 50. Rf7 Kxh5 51. Rxf6 Rf3 52. Re6 Kg4 53. Kb3 Kxf5 54. Re7 Kf4 55. Kc3 Kg3 56. Rh7 Kf2 57. Rh2+ Ke1 58. Kd4 e2 59. Ke4 Rf2 60. Rh3 Rf1 0-1

[Event "It (open)"]
[Site "Biel (Switzerland)"]
[Date "2007.08.02"]
[Round "10"]
[White "Nepomniachtchi Ian (RUS)"]
[Black "Raetsky Alexander (RUS)"]
[Result "1-0"]
[WhiteElo "2613"]
[BlackElo "2423"]
[PlyCount "73"]
[EventDate "2007.??.??"]
[Source "www.chesslib.no"]
[SourceDate "2004.05.04"]

1. e4 e5 2. d4 exd4 3. Qxd4 Nc6 4. Qe3 Nf6 5. Nc3 Bb4 6. Bd2 O-O 7. O-O-O Re8 8. Qg3 Nxe4 9. Nxe4 Rxe4 10. c3 Bd6 11. f4 Bf8 12. Bd3 d5 13. Nf3 h6 14. Bxe4 dxe4 15. Be3 Qe8 16. Nd4 Na5 17. f5 c5 18. Bxh6 Kh7 19. Nc2 gxh6 20. Ne3 Nc6 21. Rhf1 Bg7 22. f6 Bh8 23. Rd5 Qg8 24. Qh4 Qg6 25. g4 Be6 26. Rh5 Rg8 27. g5 Qxh5 28. Qxh5 Rxg5 29. Qh4 Rg6 30. Qxe4 Kg8 31. Nd5 Bxd5 32. Qxd5 Bxf6 33. Qd7 c4 34. Qxb7 Ne5 35. Qxa7 Kg7 36. Kb1 Nd3 37. Rg1 1-0

[Event "DEN-ch"]
[Site "DEN"]
[Date "1996.??.??"]
[Round "4"]
[White "Borge, Nikolaj"]
[Black "Hansen, Lars Bo"]
[Result "0-1"]
[WhiteElo "2455"]
[BlackElo "2565"]
[PlyCount "78"]
[EventDate "1996.??.??"]
[Source "ChessBase"]

1. e4 e5 2. d4 exd4 3. Qxd4 Nc6 4. Qe3 Nf6 5. Bd2 Be7 6. Nc3 O-O 7. Bc4 d6 8. O-O-O Be6 9. Bxe6 fxe6 10. Qh3 Qc8 11. Nge2 b5 12. Ng3 Ne5 13. Be1 Kh8 14. Nce2 c5 15. Nf4 Nfg4 16. Nge2 b4 17. Qb3 Bg5 18. Qg3 Bh6 19. Kb1 Nf6 20. f3 Nc4 21. b3 Na3+ 22. Kb2 a5 23. c4 bxc3+ 24. Kxa3 c2 25. Rc1 e5 26. Nd5 Nxd5 27. exd5 a4 28. b4 Bxc1+ 29. Nxc1 cxb4+ 30. Bxb4 Rf4 31. Qe1 Rd4 32. Qc3 Qxc3+ 33. Bxc3 Rd1 34. Re1 Rb8 35. f4 Rb1 36. fxe5 Rxe1 37. exd6 Rexc1 38. d7 Rb8 39. Be5 Rd1 0-1

[Event "Premier"]
[Site "Hastings ENG"]
[Date "2008.01.02"]
[Round "6"]
[White "Greet, A."]
[Black "Georgiev, Vl"]
[Result "1-0"]
[WhiteElo "2441"]
[BlackElo "2576"]
[PlyCount "59"]
[EventDate "2007.12.28"]
[Source "www.chesslib.no"]
[SourceDate "2004.05.04"]

1. e4 e5 2. d4 exd4 3. Qxd4 Nc6 4. Qe3 Nf6 5. Nc3 Bb4 6. Bd2 O-O 7. O-O-O Re8 8. Qg3 Rxe4 9. a3 Bxc3 10. Bxc3 d5 11. f3 Re8 12. Ne2 Bf5 13. Qf4 Bg6 14. g4 d4 15. Nxd4 Nd5 16. Nxc6 bxc6 17. Qd4 Nxc3 18. Qxc3 Qg5+ 19. Kb1 Qe3 20. Qxc6 Rab8 21. Bd3 Rb6 22. Qxc7 Reb8 23. b4 Qe8 24. Rhe1 Qf8 25. Qe7 Qc8 26. Bxg6 hxg6 27. Rd7 Rf6 28. Red1 Kh7 29. Rd8 Qb7 30. Qe8 1-0

[Event "UKR-ch"]
[Site "Ordzhonikidze"]
[Date "2001.09.16"]
[Round "9"]
[White "Mikhaletz, Lubomir"]
[Black "Ovsejevitsch, Sergei"]
[Result "0-1"]
[WhiteElo "2485"]
[BlackElo "2529"]
[PlyCount "64"]
[EventDate "2001.09.08"]
[Source "ChessBase"]
[SourceDate "2001.02.01"]

1. e4 e5 2. d4 exd4 3. Qxd4 Nc6 4. Qe3 g6 5. Nc3 Bg7 6. Bd2 Nf6 7. O-O-O O-O 8. Bc4 Re8 9. Nf3 Na5 10. Bd3 d5 11. Nxd5 Nxd5 12. Qg5 Qxg5 13. Nxg5 Nf6 14. Bxa5 h6 15. Nf3 b6 16. Bb5 bxa5 17. e5 Rf8 18. exf6 Bxf6 19. Nd4 Rb8 20. Bc4 c5 21. Nb5 Be6 22. Be2 a4 23. a3 Bxb2+ 24. Kxb2 a6 25. c4 axb5 26. cxb5 c4 27. Rc1 Rxb5+ 28. Ka1 Rb3 29. Bd1 Rxa3+ 30. Kb2 Rd3 31. Re1 Rb8+ 32. Ka2 c3+ 0-1

[Event "Internatonal Open"]
[Site "Sydney AUS"]
[Date "2008.03.28"]
[Round "6"]
[White "Jones, G."]
[Black "Bitansky, I."]
[Result "1-0"]
[WhiteElo "2562"]
[BlackElo "2424"]
[PlyCount "73"]
[EventDate "2008.03.25"]
[Source "www.chesslib.no"]
[SourceDate "2004.05.04"]

1. e4 e5 2. d4 exd4 3. Qxd4 Nc6 4. Qe3 g6 5. Nc3 Bg7 6. Bd2 Nge7 7. O-O-O O-O 8. Bc4 b5 9. Nxb5 Ne5 10. Bb3 Rb8 11. Nc3 Ba6 12. Nf3 Nc4 13. Qd3 Rb4 14. a3 Nxd2 15. Qxd2 Rxb3 16. cxb3 Qb8 17. Qc2 d6 18. Nd5 Nxd5 19. exd5 Qb6 20. Kb1 Bc8 21. Ka2 Bf5 22. Qc6 Qxf2 23. Rd2 Qe3 24. Re1 Qh6 25. Qxc7 Bg4 26. Rde2 Bxf3 27. gxf3 Qf4 28. Re8 Qxh2 29. Rxf8+ Bxf8 30. Re8 g5 31. Qxa7 Qh6 32. Qe7 Qg7 33. a4 h5 34. a5 h4 35. a6 h3 36. a7 h2 37. a8=Q 1-0

[Event "Las Palmas"]
[Site "Las Palmas ESP"]
[Date "1991.??.??"]
[Round "6"]
[White "Morovic Fernandez, Ivan E"]
[Black "Garcia Padron, Jose"]
[Result "1-0"]
[WhiteElo "2535"]
[BlackElo "2445"]
[PlyCount "89"]
[EventDate "1991.12.??"]
[Source "www.chesslib.no"]
[SourceDate "2004.05.04"]

1. e4 e5 2. d4 exd4 3. Qxd4 Nc6 4. Qe3 Nf6 5. Nc3 Bb4 6. Bd2 O-O 7. O-O-O d6 8. Qg3 Ne5 9. f3 c6 10. Nge2 b5 11. Bg5 Qe7 12. f4 Ng6 13. f5 Ne5 14. Nf4 a6 15. a3 Ba5 16. Nh5 Nxh5 17. Bxe7 Nxg3 18. hxg3 Re8 19. Bxd6 Bxc3 20. bxc3 g6 21. Bxe5 Rxe5 22. Rd8+ Kg7 23. fxg6 fxg6 24. Bd3 Re7 25. c4 Bb7 26. Rxa8 Bxa8 27. Rf1 Bb7 28. cxb5 cxb5 29. Kd2 Kh6 30. Ke3 Kg5 31. Rf4 Rd7 32. Rh4 Rc7 33. Rf4 Rd7 34. Be2 Rc7 35. Bd3 Rd7 36. c4 Bc6 37. e5 bxc4 38. Bxc4 Bxg2 39. e6 Re7 40. Kd4 Bh3 41. Ke5 Rc7 42. Kd6 Rb7 43. Bd5 Rb6+ 44. Ke5 h5 45. Rb4 1-0

[Event "8th Open"]
[Site "Voronezh"]
[Date "2004.06.19"]
[Round "8"]
[White "Chernyshov, Konstantin"]
[Black "Ziatdinov, Raset"]
[Result "1-0"]
[WhiteElo "2556"]
[BlackElo "2424"]
[PlyCount "83"]
[EventDate "2004.06.12"]
[Source "Roberto Alvarez"]
[SourceDate "2004.07.05"]

1. e4 e5 2. d4 exd4 3. Qxd4 Nc6 4. Qe3 g6 5. Nc3 Bg7 6. Bc4 Nge7 7. Nge2 O-O 8. Nf4 Nd4 9. Bd3 f5 10. O-O d6 11. Ncd5 fxe4 12. Nxe7+ Qxe7 13. c3 Nf3+ 14. gxf3 Rxf4 15. Bc4+ Rf7 16. Qxe4 Kf8 17. Qd5 c6 18. Qxf7+ Qxf7 19. Bxf7 Kxf7 20. Bf4 d5 21. Rfe1 Be6 22. Be5 Bf8 23. Re2 Rd8 24. Rae1 Bf5 25. f4 c5 26. Rd2 Be7 27. Kg2 Rd7 28. Kg3 b6 29. f3 h5 30. h4 Bf8 31. Red1 Be6 32. f5 gxf5 33. f4 Rd8 34. Rg1 Bh6 35. Kf3 d4 36. cxd4 Bxa2 37. Ke3 cxd4+ 38. Rxd4 Bd5 39. Rc1 Ke6 40. Rxd5 Bxf4+ 41. Kxf4 Rxd5 42. Rc6+ 1-0

[Event "POL-ch"]
[Site "Polanica Zdroj"]
[Date "1999.05.03"]
[Round "10"]
[White "Jakubiec, Artur"]
[Black "Markowski, Tomasz"]
[Result "0-1"]
[WhiteElo "2428"]
[BlackElo "2549"]
[PlyCount "80"]
[EventDate "1999.04.??"]
[Source "ChessBase"]
[SourceDate "1999.07.10"]

1. e4 e5 2. d4 exd4 3. Qxd4 Nc6 4. Qe3 g6 5. Nc3 Bg7 6. Bd2 Nf6 7. O-O-O O-O 8. Bc4 d6 9. f3 Ne5 10. Bb3 c5 11. f4 c4 12. Ba4 Neg4 13. Qe2 a6 14. h3 Nh6 15. g4 Nhxg4 16. hxg4 Bxg4 17. Nf3 b5 18. Be3 Qe7 19. e5 dxe5 20. fxe5 Bxf3 21. Qxf3 Qxe5 22. Bd4 Qg5+ 23. Kb1 Qg4 24. Qf2 Ne4 25. Nxe4 Qxe4 26. Bxg7 Kxg7 27. Rh4 Qe5 28. Re1 Qd5 29. Qe3 h5 30. Re4 Rad8 31. a3 bxa4 32. Qc3+ Kh7 33. Rxc4 Qd2 34. Qxd2 Rxd2 35. Rxa4 Rc8 36. Rxa6 Rcxc2 37. Rb6 Rc4 38. Rb7 Rf2 39. b3 Rg4 40. a4 h4 0-1

[Event "Mind Sports Games - Rapid Pair"]
[Site "Pechino CINA"]
[Date "2008.10.11"]
[Round "8"]
[White "Paragua, M."]
[Black "Greet, A."]
[Result "1-0"]
[WhiteElo "2526"]
[BlackElo "2440"]
[PlyCount "71"]
[EventDate "2008.10.09"]
[Source "www.chesslib.no"]
[SourceDate "2004.05.04"]

1. e4 e5 2. d4 exd4 3. Qxd4 Nc6 4. Qe3 Nf6 5. Nc3 Bb4 6. Bd2 O-O 7. O-O-O Re8 8. Qg3 Rxe4 9. a3 Bd6 10. f4 Re8 11. Bd3 Bf8 12. Nf3 d5 13. Rhe1 Rxe1 14. Rxe1 Ne7 15. Qh4 Nf5 16. Qf2 c5 17. h3 d4 18. Ne4 Nd5 19. g4 Nfe3 20. Neg5 g6 21. f5 c4 22. fxg6 fxg6 23. Ne5 Qe7 24. Bxc4 Nxc4 25. Nxc4 Qf6 26. Qxf6 Nxf6 27. Nf3 b5 28. Nce5 Bc5 29. Nd3 Bb6 30. Bg5 Nd5 31. Nde5 Bb7 32. Nd7 Bc7 33. Nxd4 a6 34. Nf6+ Nxf6 35. Bxf6 Bd8 36. Re8+ 1-0

[Event "TCN Cup 3rd "]
[Site "Beijing"]
[Date "1997.08.16"]
[Round "7"]
[White "Xie Jun"]
[Black "Lin Weiguo"]
[Result "1/2-1/2"]
[WhiteElo "2495"]
[BlackElo "2470"]
[PlyCount "48"]
[EventDate "1997.08.11"]
[Source "ChessBase"]
[SourceDate "1997.11.23"]

1. e4 e5 2. d4 exd4 3. Qxd4 Nc6 4. Qe3 g6 5. Bc4 Bg7 6. Ne2 Nf6 7. O-O O-O 8. Nbc3 d6 9. Qg3 Qe8 10. Qh4 Be6 11. Bb3 Bxb3 12. axb3 Qe5 13. Bf4 Qh5 14. Qxh5 Nxh5 15. Bd2 Nf6 16. f3 a6 17. Rfd1 Rfe8 18. Nf4 Rac8 19. Kf1 h5 20. Nce2 Ne5 21. Bc3 Red8 22. Nd3 Nxd3 23. Rxd3 Nd7 24. Bxg7 Kxg7 1/2-1/2

[Event "6. EICC"]
[Site "?"]
[Date "2005.06.30"]
[Round "12"]
[White "Haznedaroglu Kivanc"]
[Black "Portisch Lajos"]
[Result "1/2-1/2"]
[WhiteElo "2440"]
[BlackElo "2525"]
[PlyCount "83"]
[EventDate "2005.??.??"]
[Source "www.chesslib.no"]
[SourceDate "2004.05.04"]

1. e4 e5 2. d4 exd4 3. Qxd4 Nc6 4. Qe3 Bb4+ 5. Nc3 Nf6 6. Bd2 O-O 7. O-O-O Re8 8. Qg3 d6 9. f3 Qe7 10. h4 Qe5 11. Qxe5 Nxe5 12. h5 h6 13. Nge2 Bd7 14. Nf4 Bc6 15. a3 Ba5 16. Bd3 Bb6 17. Kb1 Nxd3 18. Nxd3 d5 19. exd5 Nxd5 20. Nxd5 Bxd5 21. Bc3 Rad8 22. Nf4 Bc6 23. Rhe1 Rxe1 24. Rxe1 Bc5 25. Nd3 Bd6 26. Bb4 Kf8 27. Kc1 Bb5 28. Bxd6+ Rxd6 29. Nf4 Rd4 30. g3 Bc6 31. Re3 Rd7 32. Nd3 Re7 33. Kd2 Rd7 34. Ke1 Rd5 35. Re5 Rxe5+ 36. Nxe5 Ba4 37. b3 Be8 38. Nd3 Ke7 39. Kf2 Kd6 40. Ke3 c5 41. Nf2 Ke6 42. g4 1/2-1/2

[Event "Mondariz zt 1.1"]
[Site "Mondariz"]
[Date "2000.09.03"]
[Round "1"]
[White "Degraeve, Jean Marc"]
[Black "Jonkman, Harmen"]
[Result "0-1"]
[WhiteElo "2540"]
[BlackElo "2424"]
[PlyCount "46"]
[EventDate "2000.09.03"]
[Source "ChessBase"]
[SourceDate "2000.11.21"]

1. e4 e5 2. d4 exd4 3. Qxd4 Nc6 4. Qe3 Nf6 5. Nc3 Bb4 6. Bd2 O-O 7. O-O-O Re8 8. Bc4 d6 9. f3 Ne5 10. Bb3 Be6 11. Bxe6 fxe6 12. Be1 Qe7 13. f4 Nc4 14. Qd3 d5 15. exd5 exd5 16. Nxd5 Nxd5 17. Qxd5+ Kh8 18. Qxc4 Qe3+ 19. Kb1 Rad8 20. Bd2 Qxd2 21. Ne2 Qxd1+ 22. Rxd1 Rxd1+ 23. Nc1 Rxc1+ 0-1

[Event "Open A"]
[Site "Riga"]
[Date "2004.08.16"]
[Round "3"]
[White "Kurenkov, Nikolai"]
[Black "Stefansson, Hannes"]
[Result "0-1"]
[WhiteElo "2406"]
[BlackElo "2549"]
[PlyCount "108"]
[EventDate "2004.08.15"]
[Source "Roberto Alvarez"]
[SourceDate "2004.09.06"]

1. e4 e5 2. d4 exd4 3. Qxd4 Nc6 4. Qe3 g6 5. Bd2 Bg7 6. Nc3 Nf6 7. O-O-O O-O 8. h4 d5 9. exd5 Nxd5 10. Qf3 Nxc3 11. Bxc3 Qe7 12. Bxg7 Kxg7 13. h5 Qe5 14. Bc4 Bf5 15. Ne2 Rad8 16. Rxd8 Rxd8 17. Ng3 Nd4 18. Nxf5+ Qxf5 19. Qxf5 gxf5 20. Rh3 Kf6 21. Bd3 h6 22. c3 Ne6 23. Rf3 f4 24. Bc4 Kg5 25. Kc2 Rd6 26. b4 f5 27. Rd3 Ng7 28. Bd5 b6 29. c4 Nxh5 30. Ra3 Nf6 31. Rxa7 Nxd5 32. cxd5 f3 33. gxf3 Rd7 34. a4 h5 35. b5 h4 36. d6 Rxd6 37. Rxc7 h3 38. f4+ Kh5 39. Rc3 Kg4 40. Rc6 h2 41. Rxd6 h1=Q 42. Rxb6 Qd5 43. Rg6+ Kxf4 44. Kc3 Qc5+ 45. Kb3 Ke5 46. f4+ Kd5 47. Rc6 Qe3+ 48. Rc3 Qxf4 49. a5 Qf1 50. Kb4 Qe1 51. Kb3 Qe2 52. Ka4 Qa2+ 53. Kb4 Qb2+ 54. Rb3 Qd2+ 0-1